| 000 | 00800nam a2200229 i 4500 | ||
|---|---|---|---|
| 001 | 189156 | ||
| 003 | SpMaBN | ||
| 005 | 20260303063014.0 | ||
| 008 | 190410s1925 sp |||| | spa d | ||
| 080 | _a86-311.6"19" | ||
| 100 | 1 |
_aDanvila, Alfonso, _d1879-1945 _942674 |
|
| 245 | 1 | 0 |
_aAustrias y borbones / _cpor Alfonso Danvila. |
| 260 |
_aMadrid : _bCalpe, _c[1925] |
||
| 300 |
_a267 p. ; _c19 cm. |
||
| 490 | 1 |
_aLas luchas fratricidas de España ; _v3 |
|
| 600 | 3 | 4 |
_aAustria, Casa de. _923964 |
| 600 | 3 | 4 |
_aBorbón, Casa de- _zEspaña. _930350 |
| 651 | 4 |
_aEspaña- _xReyes y soberanos. _98492 |
|
| 830 | 0 |
_aLas luchas fratricidas de España ; _v3 _9193266 |
|
| 852 |
_aES-MaACL _jL-32311 _z. - Donat. herederos de la bibl. de Mª del Pilar Costa Palacín |
||
| 999 |
_c189156 _d189156 |
||